000 01027nmc a2200349 a 4500
003 AR-BaBNM
005 20251128204150.0
008 065019s1989 ||||||||||||||000 | spa||
020 _a950-25-1529-3
040 _cAR-BaBNM
100 1 _aRodríguez Lamas, Daniel
245 1 0 _aRadicales, peronistas y el movimiento obrero
_n2 [1963-1973]
260 _aBuenos Aires
_bCentro Editor de América Latina
_c1989
300 0 _a277 p.
490 0 _aBiblioteca política Argentina
_vv. 260
500 0 _aCGT:CONFEDERACION GENERAL DEL TRABAJO
600 1 4 _aPerón, Juan Domingo
610 2 4 _aPartido Justicialista
610 2 4 _aUnión Cívica Radical [Argentina]
650 4 _aSIGLO VEINTE
650 4 _aHISTORIA POLITICA ARGENTINA
650 4 _aSINDICATOS
650 4 _aPARTIDOS POLITICOS ARGENTINOS
650 4 _aMOVIMIENTO OBRERO
650 4 _aSINDICALISMO
651 4 _aArgentina
653 0 _aPERONISMO
653 0 _aRADICALISMO
800 1 _aTroncoso, Oscar
_edirector
942 _cBK
998 _cGrace
999 _c6447
_d6447